| 000 | 00430nam a2200181Ia 4500 | ||
|---|---|---|---|
| 005 | 20250603145955.0 | ||
| 008 | 250603s9999 xx 000 0 und d | ||
| 020 | _a817409220 | ||
| 050 | _aHE 333 .K33/ | ||
| 100 | _aKadiyali, L.R. | ||
| 245 | 0 | _aTraffic engineering and transport planning | |
| 260 | _aNew Delhi | ||
| 260 | _bKhanna Publishers | ||
| 260 | _c2015 | ||
| 300 | _a913 p | ||
| 650 | _aNew Delhi | ||
| 942 | _cBK | ||
| 999 |
_c43403 _d43403 |
||